1976 1407 1560 1612 1499 1994 1297 1190 1926 1244 1311 1735 1836 1143 1879 1428 1754 1469 1026 1662 1811 1467 1592 1585 1169 1160 1869 1970 1250 1709 1058 1984 1973 1126 1534 1525 1442 1453 1649 1552 1868 1298 1607 1441 1380 1986 1286 1250 1422 1257 1164 1300 1775 1640 1791 1241 1904 1395 1807 1368 1985 1625 1323 1529 1251 1701 1568 1021 1755 1766 1854 1205 1547 1268 1435 1540 1991 1690 1038 1058 1004 1706 1761 1915 1389 1062 1688 1000 1867 1588 1906 1721 1291 1208 1629 1621 1026 1205 1053 BCNSPRNW ULIB Ver.6.0+V

เปลี่ยนเป็นภาษาไทย

Change to English
 แสดงรายละเอียดบรรณานุกรม
  กลับหน้าหลัก

Brief Record : Get Marc (ISO 2709) : E-mail record : QR code < ปิดหน้าต่าง
LEADER : 00000nam 2200000uu 4500
001    13399124428
003     ULIB
008    150713s2557 th 000 0 tha d
020    ^a9786161121167
060  0 ^aWT100^bส831ว
100 0  ^aสุพัตรา ศรีวณิชชากร, บรรณาธิการ
245 00 ^aเวทีเรียนรู้เครือข่ายอำเภอเพื่อดูแลผู้สูงอายุแบบบูรณาการ /^cสุพัตรา ศรีวณิชชากร, บรรณาธิการ
250    ^aพิมพ์ครั้งที่ 1 (ราคา 300 บาท)
260    ^aนนทบุรี :^bสถาบันวิจัยและพัฒนาระบบสุขภาพชุมชน(สพช.),^c2557
300    ^a152 หน้า :^bภาพประกอบ ;^c24 ซม.
505 0  ^a1. เสวนาการพัฒนาผู้สูงอายุ หลักคิด รูปธรรม และบทเรียนจากพื้นที่กรณีศึกษา
505 0  ^a2. การจัดการดูแลผู้ป่วยระยะสุดท้าย : Palliative Care
505 0  ^a3. เครือข่ายสุขภาพอำเภอดูแลผู้สูงอายุระยะยาว
505 0  ^a4. การส่งเสริมสุขภาพผู้สูงวัยอย่างไรให้เหมาะสม
505 0  ^a5. การจัดสภาพแวดล้อมที่เหมาะสมกับผู้สูงอายุในบ้านและในชุมชน
505 0  ^a6. พื้นที่ทางสังคมและการเสริมศักยภาพผู้สูงอายุ
505 0  ^a7. การจัดสวัสดิการสังคม ความมั่นคงในชีวิต และกองทุนตำบล เพื่อสนับสนุนการทำงานผู้ สูงอายุแบบบูรณาการ
650  7 ^aผู้สูงอายุ
945    ^p300^l0^i039533
999    ^aเกษร โพธิ์สุวรรณ
รายการนี้ยังไม่มีแท็ก
คุณยังไม่ได้ล็อกอิน คุณสามารถมีกิจกรรมร่วมกับเว็บไซต์ได้ แต่ต้องล็อกอินก่อน ::
  ล็อกอิน

รายการสื่อสารสนเทศ

ลำดับที่ ประเภท เลขเรียก/บาร์โค้ด สถานที่ สถานะ
1. วิทยาศาสตร์การแพทย์ และสุขภาพ
วิทยาศาสตร์การแพทย์ และสุขภาพ
สถานะ=หนังสือเก่า
WT100 ส831ว ฉ.1 
  Barcode: 039533
ห้องสมุดวิทยาเขตสวรรค์ประชารักษ์
►ส่วนจัดเก็บหนังสือเก่า สปร
บนชั้น
  ขอยืม

รายการใกล้เคียง
    หัวเรื่อง [ผู้สูงอายุ]

BibComment


ยังไม่เคยถูกคอมเมนท์

คอมเมนท์ทรัพยากรรายการนี้
  คอมเมนท์: เวทีเรียนรู้เครื..


 Copyright 2026. Bcnsprnw @Library